LEADER 00942nam0-22003011i-450 001 990005518610203316 005 20200420110134.0 035 $a000551861 035 $aUSA01000551861 035 $a(ALEPH)000551861USA01 100 $a20050119d1976----km y1itay5003----ba 101 1 $aita$ceng 102 $aIT 200 1 $aDisuguaglianza di classe e ordinamento politico$ela stratificazione sociale nelle societą capitalistiche e comuniste$fFrank Parkin 210 $aTorino$cEinaudi$d1976 215 $aX, 227 p.$d16 cm 225 2 $aPiccola biblioteca Einaudi$v268 410 1$12001$aPiccola biblioteca Einaudi$v268 606 0 $aClassi sociali$2BNCF 676 $a305.5 700 1$aPARKIN,$bFrank$0119970 801 0$aIT$bSOL$c20120104 912 $a990005518610203316 951 $a300 305.5 PAR$b449 DISES 959 $aBK 969 $aDISES 996 $aDisuguaglianza di classe e ordinamento politico$9647918 997 $aUNISA LEADER 02449 am 22005533u 450 001 996197429803316 005 20230607220734.0 035 $a(CKB)1000000000280034 035 $a(SSID)ssj0000986150 035 $a(PQKBManifestationID)11985383 035 $a(PQKBTitleCode)TC0000986150 035 $a(PQKBWorkID)10934137 035 $a(PQKB)11739498 035 $a(WaSeSS)Ind00073814 035 $a(oapen)https://directory.doabooks.org/handle/20.500.12854/28880 035 $a(EXLCZ)991000000000280034 100 $a20160829d2001 uy 0 101 0 $aita 135 $aur||#|||||||| 181 $ctxt$2rdacontent 182 $cc$2rdamedia 183 $acr$2rdacarrier 200 13$aLa valorizzazione economica del patrimonio artistico delle cittą d'arte $eil restauro artistico a Firenze /$fLuciana Lazzeretti e Tommaso Cinti 210 $cFirenze University Press$d2001 210 31$aFirenze :$cFirenze University Press,$d2001 215 $a1 online resource (191 pages) $cdigital, PDF file(s) 311 08$aPrint version: 9788884530134 320 $aIncludes bibliographical references. 330 $aThis book addresses the issue of the potential economic significance of the artistic heritage in an art city ? more specifically Florence ? taking as a concrete example for the purpose of scientific research the figure of the ?artistic restorer? in the dual garb of economic agent and environmental and cultural resource for the city. The empirical study of the private firms working in this sector located in the Florence area is accompanied and introduced by a broad analysis of the policies for protection and enhancement of the cultural assets, and of the economic, non-economic and institutional agents involved in the same. 606 $aVisual Arts 606 $aArt$xconservation and restoration 610 $aeconomy 610 $apatrimonio artistico 610 $aartistic and cultural heritage 610 $abeni culturali 610 $aflorence 610 $afirenze 610 $aeconomia 615 0$aVisual Arts 615 0$aArt$xconservation and restoration 676 $a363.690945511 700 $aLazzeretti$b Luciana$0286113 702 $aCinti$b Tommaso 801 0$bPQKB 801 2$bUkMaJRU 906 $aBOOK 912 $a996197429803316 996 $aLa valorizzazione economica del patrimonio artistico delle cittą d'arte$92057475 997 $aUNISA LEADER 01858nam0 2200397 i 450 001 TO00953478 005 20251003044408.0 010 $a8813230885 020 $aIT$b2002-1508 100 $a20240304d2001 ||||0itac50 ba 101 | $aita 102 $ait 181 1$6z01$ai $bxxxe 182 1$6z01$an 183 1$6z01$anc$2RDAcarrier 200 1 $aCommentario breve ai trattati della Comunitą e dell'Unione europea$fFausto Pocar$gcon la collaborazione di Adelina Adinolfi ... \et al.! 210 $aPadova$cCEDAM$d2001 215 $a1211 p.$d22 cm. 225 | $aBreviaria iuris$v13 410 0$1001CFI0023215$12001 $aBreviaria iuris$v13 606 $aTrattato di Roma <1957>$2FIR$3CFIC017112$9I 606 $aTrattato di Maastricht <1992>$2FIR$3CFIC061777$9I 676 $a341.242$9Diritto delle nazioni (Diritto internazionale) - Unione europea$v14 676 $a341.2422$9Comunita economica europea$v20 676 $a341.2422026$9COMUNITA EUROPEA. Trattati e giurisprudenza$v21 686 $aI B$cDIRITTO PUBBLICO - Diritto comunitario e internazionale$2BGG 700 1$aPocar$b, Fausto$3CFIV006094$4070$0110202 702 1$aAdinolfi$b, Adelina$3CFIV052918 801 3$aIT$bIT-000000$c20240304 850 $aIT-BN0095 901 $bNAP 01$cPOZZO LIB.$nVi sono collocati fondi di economia, periodici di ingegneria e scienze, periodici di economia e statistica e altri fondi comprendenti documenti di economia pervenuti in dono. 912 $aTO00953478 950 0$aBiblioteca Centralizzata di Ateneo$c1 v.$d 01POZZO LIB.ECON MON 106$e 0101 0000057155E VMA 1 v. precedente collocazione sez. DASES B 0918$fB $h20090417$i20090417 977 $a 01 996 $aCommentario breve ai trattati della Comunitą e dell'Unione europea$968273 997 $aUNISANNIO